Statistics for Where were these artists born

Click here to take the quiz!

General Stats

  • This quiz has been taken 6 times
  • The average score is 6 of 20

Answer Stats

City Artist % Correct
GaryMichael Jackson
100%
LiverpoolJohn Lennon
83%
HobokenFrank Sinatra
50%
Long BeachSnoop Dogg
50%
Santa BarberaKaty Perry
33%
TupeloElvis Presley
33%
New YorkLady Gaga
33%
AtlantaKanye West
33%
ReadingTaylor Swift
33%
PinnerElton John
17%
PhiladelphiaWill Smith
17%
Grand PrairieSelena Gomez
17%
HalifaxEd Sheeran
17%
Saint JosephEminem
17%
HoustonBeyonce
17%
MemphisJustin Timberlake
0%
FranklinMiley Cyrus
0%
Saint MichaelRihanna
0%
Nine MileBob Marley
0%
Saint JamesNicki Minaj
0%

Score Distribution

Percentile by Number Answered

Percent of People with Each Score

Your Score History

You have not taken this quiz